000 00718cam a2200241 4500
999 _c6525
_d6525
001 4529945
003 OSt
005 20190117122017.0
008 00026401978 cau 000 0 eng
010 _a78066367 //r79
020 _a0878081674 :
040 _aDLC
_cDLC
_dm/c
_dATH
043 _an-us-ca
050 0 _aBV2360.U553
_bW56
082 _a266
_bW784O
090 _aBV2360.U553
_bW56 1978
100 1 _aWinter, Roberta H.
245 1 0 _aOnce more around Jericho :
_bthe story of the U.S. Center for World Mission /
_cRoberta H. Winter.
260 _aSouth Pasadena, Calif. :
_bWilliam Carey Library,
_cc1978.
300 _axiv, 234 p. ;
_c18 cm.
610 2 0 _aU.S. Center for World Mission.
942 _2ddc
_cBK